• 首页
  • 本馆介绍
  • 公告通知
  • 最新文献
  • 馆藏检索
  • 电子资源
  • 读者导购
  • 参考咨询
  • 我的图书馆
  • 登录
  • 详细信息显示
  • 放入我的书架
  • 预约/预借图书
  • 作者相关作品
  • 分类相关作品
  • 丛书相关作品
  • 出版社相关作品

书目信息

  • 表格格式
  • 工作单格式
  • 卡片格式
题名:
脉管炎与静脉曲张
    
 
作者: 俞文禄 编著
分册:  
出版信息: 南昌   江西科学技术出版社  1999.01
页数: 114页
开本: 大32开
丛书名:
单 册:
中图分类: R543.6-5
科图分类:
主题词: 心脏血管疾病
电子资源:
ISBN: 7-5390-1389-3
000 00552nam0 2200181 45
001 9911301546
005 19991130153529.4
010    @a7-5390-1389-3@d7.50
100    @a19991130d1999 km y0chiy0120 ea
101    @achi
105    @a z 000yy
200 1  @a脉管炎与静脉曲张@AMai Guan Yan Yu Jing Mai Qu Zhang@f俞文禄 编著@FYu Wen Lu Bian Zhu
210    @a南昌@c江西科学技术出版社@d1999.01
215    @a114页@c无图表@d大32开
606 0  @a心脏血管疾病
690    @aR543.6-5@v3
801    @aCN@bPerfectUser@c19991130
905    @aBZT@b65844-848@f6@dR543.6-5@e1
    
    脉管炎与静脉曲张/俞文禄 编著.-南昌:江西科学技术出版社,1999.01
    114页:无图表;大32开
    
    
    ISBN 7-5390-1389-3:7.50
    
●
相关链接 在五车中查询图书 在当当中查询图书 在豆瓣中查询图书


正题名:脉管炎与静脉曲张     索取号:R543.6-5/1         预约/预借

序号 登录号 条形码 馆藏地/架位号 状态 备注
1 65844   200569214   中心书库中库/ 中库009架B面5列3层47/ [索取号:R543.6-5/1] 在馆    
2 65845   200569241   中心书库中库/ 中库009架B面5列3层46/ [索取号:R543.6-5/1] 在馆    
3 65846   200569232   中心书库中库/ 中库009架B面5列3层49/ [索取号:R543.6-5/1] 在馆    
4 65847   200569250   中心书库中库/ 中库009架B面5列3层48/ [索取号:R543.6-5/1] 在馆    
5 65848   200569269   中心书库中库/ 中库009架B面5列3层51/ [索取号:R543.6-5/1] 在馆    
6 66777   200569223   中心书库中库/ 中库009架B面5列3层50/ [索取号:R543.6-5/1] 在馆    
山东省滨州职业学院图书馆 欢迎您!
大连网信软件有限公司© 版权所有